[Event "Monte Carlo WGP 2015"]
[Site "Monaco MNC"]
[Date "2015.10.03"]
[Round "1.6"]
[White "Koneru, Humpy"]
[Black "Pogonina, Natalija"]
[Result "1/2-1/2"]
[WhiteTitle "GM"]
[BlackTitle "WGM"]
[WhiteElo "2578"]
[BlackElo "2445"]
[WhiteFideId "5008123"]
[BlackFideId "4147855"]
[EventDate "2015.10.03"]

1. d4 Nf6 2. c4 e6 3. Nc3 Bb4 4. e3 O-O 5. Ne2 d5 6. a3 Be7 7. cxd5 exd5 8. Nf4
c6 9. Bd3 a5 10. O-O Na6 11. Bc2 Nc7 12. f3 c5 13. Na4 cxd4 14. exd4 Ne6 15.
Nxe6 Bxe6 16. Bd3 Bd7 17. Re1 Bd6 18. Bg5 Qc7 19. Bxf6 Bxh2+ 20. Kh1 Bxa4 21.
Qxa4 gxf6 22. Re2 Bg3 23. Bf5 Qf4 24. Bh3 Ra6 25. Qd7 Qxd4 26. Qxb7 Rb6 27. Qd7
Rxb2 28. Rxb2 Qxb2 29. Rd1 Be5 30. Qg4+ Kh8 31. f4 Bc7 32. Rxd5 Qxa3 33. Rf5
Qa1+ 34. Kh2 Rg8 35. Qh4 Rg5 36. Rxg5 fxg5 37. Qxg5 a4 38. Qf5 Qd4 39. Qc8+ Bd8
40. Bd7 Qxf4+ 41. g3 Qg5 42. Bxa4 Kg7 43. Qd7 Bb6 44. Bb3 Qh5+ 45. Kg2 Qe2+ 46.
Kh3 Qf1+ 47. Kg4 h6 48. Qxf7+ Qxf7 49. Bxf7 Kxf7 50. Kh3 Kg6 51. g4 Kg5 52. Kg2
Kh4 53. Kh2 Bc7+ 54. Kg2 Bd6 55. Kh1 Kh3 56. Kg1 Kxg4 1/2-1/2

[Event "Monte Carlo WGP 2015"]
[Site "Monaco MNC"]
[Date "2015.10.09"]
[Round "6.2"]
[White "Dzagnidze, Nana"]
[Black "Pogonina, Natalija"]
[Result "0-1"]
[WhiteTitle "GM"]
[BlackTitle "WGM"]
[WhiteElo "2573"]
[BlackElo "2445"]
[WhiteFideId "13601903"]
[BlackFideId "4147855"]
[EventDate "2015.10.03"]

1. c4 e6 2. Nf3 d5 3. g3 dxc4 4. Qa4+ Nd7 5. Bg2 a6 6. Qxc4 b5 7. Qc2 Bb7 8. O-O
Ngf6 9. d3 Be7 10. b3 c5 11. Bb2 O-O 12. Nc3 Qb6 13. e4 Rfd8 14. Rfe1 Rac8 15.
Rad1 Nb8 16. Qb1 Nc6 17. Ne2 h6 18. a3 a5 19. h3 Qa6 20. Bf1 a4 21. bxa4 Qxa4
22. Nc3 Qa5 23. Nxb5 Ba6 24. Nc3 Rb8 25. Qa1 Nd4 26. Nxd4 cxd4 27. Ne2 e5 28. f4
Bxd3 29. Rxd3 Rxb2 30. fxe5 Nxe4 31. Nxd4 Rxd4 32. Rxd4 Bc5 33. Rxe4 Qd2 34. Be2
Bxd4+ 35. Kf1 Qc2 0-1